Анализ интегральных характеристик надежности и ресурсоэффективности мини-ТЭС удаленных линейных объектов газотранспортной системы России: диссертация на соискание ученой степени кандидата технических наук; спец. 05.14.14; спец. 01.04.14

Podrobná bibliografie
Hlavní autor: Высокоморный В. С. Владимир Сергеевич
Korporativní autor: Национальный исследовательский Томский политехнический университет (ТПУ)
Další autoři: Кузнецов Г. В. Гений Владимирович (научный руководитель), Стрижак П. А. Павел Александрович
Shrnutí:Защищена 29.11.2013 г.
Jazyk:ruština
Vydáno: Томск, 2013
Témata:
Médium: MixedMaterials Kniha
KOHA link:https://koha.lib.tpu.ru/cgi-bin/koha/opac-detail.pl?biblionumber=247046

MARC

LEADER 00000nbm0a2200000 4500
001 247046
005 20241010140542.0
035 |a (RuTPU)RU\TPU\book\268519 
035 |a RU\TPU\book\268518 
090 |a 247046 
100 |a 20131216j20131129k y0rusy50 ca 
101 0 |a rus 
102 |a RU 
105 |a a m 001zy 
200 1 |a Анализ интегральных характеристик надежности и ресурсоэффективности мини-ТЭС удаленных линейных объектов газотранспортной системы России  |e диссертация на соискание ученой степени кандидата технических наук  |e спец. 05.14.14  |e спец. 01.04.14  |f В. С. Высокоморный  |g Национальный исследовательский Томский политехнический университет (ТПУ) ; науч. рук. Г. В. Кузнецов ; науч. рук. П. А. Стрижак 
210 |a Томск  |d 2013 
215 |a 127 с.  |c ил. 
300 |a Защищена 29.11.2013 г. 
320 |a Библиогр.: с. 110-122 (120 назв.). 
606 1 |a Мини-ТЭС  |2 stltpush  |3 (RuTPU)RU\TPU\subj\72844  |9 86231 
610 1 |a удаленные объекты 
610 1 |a автономное энергоснабжение 
610 1 |a действие 
610 1 |a надежность 
610 1 |a ресурсоэффективность 
610 1 |a интегральные показатели 
610 1 |a конденсаторные установки 
610 1 |a органическое рабочее тело 
610 1 |a конденсация 
610 1 |a тепломассоперенос 
610 1 |a физические модели 
610 1 |a математические модели 
610 1 |a технологические процессы 
610 1 |a диссертации 
610 1 |a труды учёных ТПУ 
675 |a 621.311.22(04)  |v 3 
686 |a 05.14.14  |2 oksvnk 
686 |a 05.04.14  |2 oksvnk 
700 1 |a Высокоморный  |b В. С.  |c специалист в области теплоэнергетики, экономист-менеджер  |c Директор Инженерной школы новых производственных технологий ТПУ, кандидат технических наук  |f 1984-  |g Владимир Сергеевич  |y Томск  |3 (RuTPU)RU\TPU\pers\30302  |9 14648 
702 1 |a Кузнецов  |b Г. В.  |c специалист в области теплоэнергетики  |c профессор Томского политехнического университета, доктор физико-математических наук  |f 1949-  |g Гений Владимирович  |3 (RuTPU)RU\TPU\pers\25528  |4 727  |9 11458 
702 1 |a Стрижак  |b П. А.  |c специалист в области теплоэнергетики  |c профессор Томского политехнического университета, доктор физико-математических наук  |f 1985-  |g Павел Александрович  |x TPU  |y Томск  |3 (RuTPU)RU\TPU\pers\25983  |4 727  |9 11832 
712 0 2 |a Национальный исследовательский Томский политехнический университет (ТПУ)  |c (2009- )  |3 (RuTPU)RU\TPU\col\15902 
801 1 |a RU  |b 63413507  |c 20131216 
801 2 |a RU  |b 63413507  |c 20150313  |g RCR 
942 |c BK